000 00311nam a2200145Ia 4500
005 20251222175925.0
008 251222s9999||||xx |||||||||||||| ||spa||
020 _a9501518655
082 _a823/W48
100 _aWest, Morris
245 0 _aEminencia
250 _a1ra.ed.
264 _bVergara
942 _cLIB
999 _c40804
_d40804